000 01505nam a2200325 a 4500
003 BLK
005 20250613093459.0
008 180410b bul|||||r ||||||| ||bul||
010 _aKNG00153279000
020 _a9786191952120
040 _aBLK
041 _aBUL
_cBUL
080 _aИталианска литература
_b821.131.1
_x-94
_z821.131.1-94
100 1 _aТерцани, Тициано
_9128706
245 1 0 _aКраят е моето начало
_bЕдин баща разказва на сина си голямото пътешествие из живота
_cТициано Терцани, Фолко Терцани ; прев. от итал. Пенка Манолова
257 _aITA
260 _aСофия
_bКнигомания
_c2019
_fКостинброд : Мултипринт ООД
_9214104
_n978-619-195- ; 978-954-8432- ; 978-954-9817- ; 954-90578-
300 _a376 с.
_c23 см
_bс ил.
380 _aX
500 _aОриг. загл.: La fine è il mio inizio / Tiziano Terzani, Folco Terzani Биогр. данни за авт. отбелязани на 2-ра кор.
700 _aМанолова, Пенка
_eпрев. от итал.
_9417122
700 _aТерцани, Фолко
_9417124
852 _aЦб 300276
_bЦб
852 _bП
_c821-9/Т 53 Т
856 4 _qpdf
856 4 _qpdf
942 _cKNG
_n0
_01
944 _c2025
_k30542
_lРусанова Ирена
999 _c372443
_d372443